| 000 | 00784cam a2200241 a 4500 | ||
|---|---|---|---|
| 001 | 000004541 | ||
| 005 | 20200929151446.0 | ||
| 008 | 751105s1991 sp 000 1 spa | ||
| 020 | _a8477650535 | ||
| 040 |
_aDO-SdBNP _dBNPHU |
||
| 041 | 1 | 7 |
_aspa _hger _2Código de idioma MARC |
| 082 |
_a833.914 _bL826i |
||
| 100 | 1 |
_aLoetscher, Hugo, _d1929-2009. _913267 |
|
| 240 | 1 | 4 |
_aDer immune. _lespañol |
| 245 | 1 | 4 |
_aEl inmune / _cHugo Loetscher ; traducción, Cristina García Ohlrich. |
| 260 |
_aBarcelona : _bCirce, _c1991. |
||
| 300 |
_a333 p. ; _c24 cm. |
||
| 534 |
_aTítulo original: _tDer immune |
||
| 650 | 4 |
_aNovela suiza _913268 |
|
| 650 | 4 |
_aLiteratura suiza _xHistoria y crítica _913269 |
|
| 700 | 1 |
_aGarcía Ohlrich, Cristina, _etr. _913270 |
|
| 910 | _aCatalogación derivada | ||
| 999 |
_c4350 _d4350 |
||